| 000 | 00941cam a2200229 4500 | ||
|---|---|---|---|
| 001 | ABS65369 | ||
| 008 | 020508n2002 000 0 eng u | ||
| 035 | _a(Sirsi) u117858 | ||
| 100 | _aGrinfeld, M | ||
| 245 | 4 | _aThe greatest resource | |
| 260 | _c2002 | ||
| 490 |
_aConstruction Manager _v April 2002, 40-41(2) |
||
| 520 | _aArgues that to improve its image, construction must attract right recruits by providing lifelong training, and career development opportunities. Identifies "commitment to people" as key point of "Rethinking Construction" report, and points out poor record of construction industry in this respect. Highlights Investors in People standards as vital to addressing recruitment problems. | ||
| 590 | _aABS | ||
| 650 | _aCPD | ||
| 650 | _aRECRUITMENT | ||
| 650 | _aCAREERS, EDUCATION AND TRAINING | ||
| 650 | _aINVESTORS IN PEOPLE | ||
| 690 | _aEDUCATION-CAREERS | ||
| 700 | _aGrinfeld, A | ||
| 942 | _n0 | ||
| 999 |
_c70183 _d70183 |
||